Statistics for Pokémon Evolutions - 1st Generation

Click here to take the quiz!

General Stats

  • This quiz has been taken 38,063 times
  • The average score is 21 of 24

Answer Stats

PokémonEvolution% Correct
Charmander (2)Charizard
96%
BulbasaurIvysaur
93%
CharmanderCharmeleon
93%
PikachuRaichu
92%
Squirtle (2)Blastoise
92%
AbraKadabra
91%
SquirtleWartortle
90%
Abra (2)Alakazam
89%
Machop (2)Machamp
87%
Caterpie (2)Butterfree
87%
Bulbasaur (2)Venusaur
86%
MachopMachoke
84%
CaterpieMetapod
84%
TentacoolTentacruel
84%
RattataRaticate
83%
GastlyHaunter
82%
Weedle (2)Beedrill
82%
WeedleKakuna
82%
Gastly (2)Gengar
82%
JigglypuffWigglytuff
80%
PsyduckGolduck
80%
PonytaRapidash
80%
Geodude (2)Golem
77%
GeodudeGraveler
76%

Score Distribution

Percentile by Number Answered

Percent of People with Each Score

Your Score History

You have not taken this quiz